| 000 | 01185nam a2200313 a 4500 | ||
|---|---|---|---|
| 001 | 000014794 | ||
| 005 | 20240307073946.0 | ||
| 008 | 100122s2009 dr a 000 0 spa d | ||
| 020 | _a9789945447323 | ||
| 040 |
_aDO-SdBNP _bspa _cBNPHU |
||
| 082 |
_a618.2 _bM516g |
||
| 100 | 1 |
_aMejía, Wilson _920075 |
|
| 245 | 1 | 0 |
_aGinecología básica / _cWilson Mejía. |
| 250 | _a2a ed. rev. y ampl. | ||
| 260 |
_aSanto Domingo : _bUniversitaria-UASD, _c2009. |
||
| 300 |
_a575 p. : _bil. ; _c23 cm. |
||
| 490 | 1 |
_aPublicaciones de la Universidad Autónoma de Santo domingo _v1453 |
|
| 490 | 1 |
_aSalud y sociedad _v48 |
|
| 500 | _aIncluye referencias bibliográficas al final de los capítulos | ||
| 590 | _aLa biblioteca posee tres ejemplares autografiados por el autor | ||
| 590 | _aInventariado,2018/DG | ||
| 650 | 4 |
_aGinecología _920061 |
|
| 650 | 4 |
_aEnfermedades ginecológicas _933527 |
|
| 650 | 4 |
_aEnfermedades del aparato genital _933528 |
|
| 710 | 1 | 2 |
_aUniversidad Autónoma de Santo Domingo _972951 |
| 830 | 0 |
_aPublicaciones de la Universidad Autónoma de Santo domingo _n1453 _933529 |
|
| 830 | 0 |
_aSalud y sociedad _n48 _933530 |
|
| 910 | _aValidado. Control de calidad BNPHU | ||
| 999 |
_c14376 _d14376 |
||